| 000 | 00973nam a22003137a 4500 | ||
|---|---|---|---|
| 001 | BR2016000332 | ||
| 003 | BR-BrBNA | ||
| 005 | 20230928104758.0 | ||
| 007 | ta | ||
| 008 | 230509b bl.||||| |||| 00| 0 por d | ||
| 040 |
_aBR-BrBNA _bpor _cBiblioteca Nacional de Agricultura |
||
| 041 | _a(Eng) | ||
| 072 |
_aH20 _b1930 _b4120 |
||
| 090 | _ 1930 BR2016000332 | ||
| 100 | 1 | _aMaia, N. da C. | |
| 110 | 1 |
_aUniversidade Federal de Lavras, MG (Brasil) _0Tese (Mestrado) |
|
| 245 | 1 | _aFungal endophytes of Panicum maximum and Pennisetum purpureum: isolation, identification and antifungal potential | |
| 260 | 3 |
_aLavras, MG (Brasil): _c2015. |
|
| 300 | _a49 p. | ||
| 500 | _aSummaries (Eng, Por); Several bibliography; 5 illus. | ||
| 650 | _aCAPIM COLONIÃO | ||
| 650 | _aPANICUM MAXIMUM | ||
| 650 | _aCAPIM ELEFANTE | ||
| 650 | _aPENNISETUM PURPUREUM | ||
| 650 | _aFUNGO | ||
| 650 | _aMICRORGANÍSMO | ||
| 909 |
_a202309 _bLucia _c55 _dLucia Elande |
||
| 942 | _cBK | ||
| 999 |
_c81717 _d81717 |
||